000 01377nam0a2200289 4500
001 RU\NLR\bibl\1657248
005 20260405203019.0
010 _a978-5-91476-028-8
_9300
021 _aRU
_b2010-44358
_9294д/2010
035 _a(NLR Aleph) 001648547
090 _a906978
_c906978
100 _a20100721d2010 |||y0rusy50 ca
101 1 _arus
_ckor
102 _aRU
105 _ac |||||||||
200 1 _aПлач сороки
_eрассказы
_fКим Донни
_gпер. с кор. Н.С. Сиротко-Сибирской и Пэк Сынму
210 _aСанкт-Петербург
_cПушкинский Дом
_d2010
215 _a237, [2] с.
_cпортр.
_d17
327 1 _aСодерж.: Камень; Изображение шаманки; Дорога в деревню; Судьба странника; Эпоха Мильдавон; Золотой Будда; Плач сороки; Птица с того света; Медное зеркало с иероглифом
686 _aШ6(5Я)67-440.5{Лх2318-80}
700 0 _4070
_7ca
_8rus
_aКим Донни
_f1913-1995
_973372
_3RU\NLR\AUTH\7790445
702 1 _4730
_7ca
_8rus
_aСиротко-Сибирская
_bН. С.
_gНаталия Сергеевна
_973368
_3RU\NLR\auth\7790441
801 0 _aRU
_bNLR
_c20100721
_gRCR
801 1 _aRU
_bNLR
_c20100721
942 _cBOOK
980 _aNB